000
00327 a2200109 4500
001
ART_46501
005
20260410161822.0
008
260409a
245
1
0
_a
Efectos penales del posblanqueo
100
1
_a
Bello, Alberto M.
773
0
_t
Doctrina Penal Tributaria y Económica
_g
- N° 48 (jun. 2018)
_w
REV4317
999
_c
22415
_d
22415